000 00597nam a2200229Ia 4500
005 20230228150247.0
008 230125s9999 xx 000 0 und d
020 _a9788183765510
041 _aeng
082 _a659.1
_bBHA
100 _aBhattnagar A
_9118301
245 _aThe Law Of Journalism And Mass Communication
250 _a1st Ed.
260 _c2018
_bABD Publication
_aJaipur
300 _a277p
500 _aadvertising;IMC;Journalism
650 _aadvertising;IMC;Journalism
_9119856
700 _aBhattnagar A
_9118301
906 _b406
942 _cBK
999 _c96318
_d96318